| 000 | 00725nam a2200217 a 4500 | ||
|---|---|---|---|
| 001 | 000024456 | ||
| 005 | 20200930023201.0 | ||
| 008 | 110127s1996 sp r 000 | spa d | ||
| 020 | _a8425329485 | ||
| 040 |
_aDO-SdBNP _bspa _cBNPHU |
||
| 041 |
_aeng _hspa _2Código de idioma MARC |
||
| 082 |
_axxx _bC311h |
||
| 100 | 1 |
_aCarr, Philippa _950134 |
|
| 240 | 0 |
_aDaughters of England. _lespañol |
|
| 245 | 1 | 0 |
_aCultura y pospolítica : _bel debate sobre la modernidad en América Latina / _cPhilippa Carr ; traducción de Diana Falcón. |
| 260 |
_aBarcelona : _bGrijalbo, _c1996. |
||
| 300 |
_a340 p. ; _c23 cm. |
||
| 534 |
_aTítulo original : _tDaughters of England |
||
| 700 | 1 |
_aFalcón, Diana _etr. _912947 |
|
| 049 | _aBNGR | ||
| 999 |
_c23949 _d23949 |
||